[Event "DEM U18 2003"]
[Site "Willingen GER"]
[Date "2003.06.13"]
[Round "8"]
[White "Holzschuh, Stephan"]
[Black "Schaffer, Hendrik"]
[Result "1-0"]
[Termination "normal"]
[Board "5"]
[WhiteElo "2107"]
[BlackElo "2191"]
[PlyCount "85"]
[WhiteFideId "4677471"]
[BlackFideId "4663080"]
[EventCountry "GER"]
[EventRounds "9"]
[EventType "swiss"]
[EventDate "2003.06.07"]

1. e4 c5 2. Nf3 Nc6 3. d4 cxd4 4. Nxd4 g6 5. c4 Nf6 6. Nc3 d6 7. Be2 Nxd4 8.
Qxd4 Bg7 9. Be3 O-O 10. Qd2 Be6 11. O-O Qa5 12. Rac1 Rfc8 13. b3 a6 14. f3 Rab8
15. Rfd1 h5 16. b4 Qxb4 17. Rb1 Qa5 18. Bb6 Qe5 19. Bd4 Qa5 20. Bb6 Qe5 21. f4
Nxe4 22. fxe5 Nxd2 23. Rxd2 Bxe5 24. Nd5 Bxd5 25. Rxd5 e6 26. Rdd1 Ra8 27. a4
a5 28. Rb5 Kg7 29. Bf2 Rc7 30. Rdb1 Bc3 31. Rxb7 Rxb7 32. Rxb7 Bb4 33. Bd4+ e5
34. Be3 Rc8 35. Kf2 Kf6 36. Rb5 Rc6 37. h4 e4 38. g3 Ke6 39. Bd1 f5 40. Bb3 Bc3
41. Ke2 Ra6 42. c5+ Kd7 43. Rb6 1-0

[Event "DEM U18 2003"]
[Site "Willingen GER"]
[Date "2003.06.13"]
[Round "8"]
[White "Jovalekic, Oliver"]
[Black "Fiebig, Thomas"]
[Result "1-0"]
[Termination "normal"]
[Board "6"]
[WhiteElo "2152"]
[BlackElo "2255"]
[PlyCount "157"]
[WhiteFideId "4682530"]
[BlackFideId "4693922"]
[EventCountry "GER"]
[EventRounds "9"]
[EventType "swiss"]
[EventDate "2003.06.07"]

1. e4 e6 2. d4 d5 3. e5 c5 4. c3 Qb6 5. Nf3 Nc6 6. a3 c4 7. Nbd2 Na5 8. g3 Bd7
9. h4 Ne7 10. Bh3 Qc7 11. h5 Nc8 12. Nh4 Nb6 13. f4 g6 14. Nf1 O-O-O 15. f5
exf5 16. Bg5 Re8 17. Kf2 Be6 18. Ne3 Be7 19. Bxe7 Qxe7 20. Qf3 Rd8 21. Nhg2 Nb3
22. Rae1 Nd2 23. Qf4 Rde8 24. Nxf5 Bxf5 25. Bxf5+ gxf5 26. Qxd2 f6 27. Qf4 fxe5
28. Rxe5 Qd7 29. Rxf5 Re4 30. Rf8+ Rxf8 31. Qxf8+ Re8 32. Qf3 Na4 33. Re1 Rxe1
34. Kxe1 Nxb2 35. Nf4 Qf5 36. Qxd5 Qb1+ 37. Kf2 Nd3+ 38. Kf3 Qf1+ 39. Kg4 Nxf4
40. Qg8+ Kc7 41. Qf7+ Kb6 42. Qxf4 Qe2+ 43. Qf3 Qe7 44. Qd5 Qe2+ 45. Qf3 Qe7
46. Kh3 Qxa3 47. g4 Qe7 48. Qf4 a5 49. g5 a4 50. Qf6+ Qxf6 51. gxf6 a3 52. f7
a2 53. f8=Q a1=Q 54. Qc5+ Ka6 55. Qxc4+ Ka7 56. Qc5+ b6 57. Qe7+ Ka6 58. Qe3
Qf1+ 59. Kg4 Qf7 60. Qe5 Qc4 61. Kf5 Qxc3 62. d5 Qd3+ 63. Ke6 b5 64. d6 Kb6 65.
Ke7 Kc6 66. Qe6 Qd4 67. Qc8+ Kb6 68. Qc7+ Ka6 69. Qc6+ Ka5 70. d7 Qg7+ 71. Kd8
Ka4 72. Kc8 Qg4 73. Kc7 Qg7 74. Kb6 Qd4+ 75. Kb7 h6 76. Kc8 Qg4 77. Qa6+ Kb4
78. Qd6+ Ka4 79. Kb8 1-0

[Event "DEM U18 2003"]
[Site "Willingen GER"]
[Date "2003.06.13"]
[Round "8"]
[White "Döhn, Raphael"]
[Black "Koch, Moritz"]
[Result "0-1"]
[Termination "normal"]
[Board "7"]
[WhiteElo "2009"]
[BlackElo "2213"]
[PlyCount "136"]
[WhiteFideId "4695291"]
[BlackFideId "4678460"]
[EventCountry "GER"]
[EventRounds "9"]
[EventType "swiss"]
[EventDate "2003.06.07"]

1. e4 c5 2. d4 cxd4 3. Nf3 e6 4. Nxd4 a6 5. Nc3 Qc7 6. Bd3 Nc6 7. Be3 Nf6 8.
O-O Ne5 9. h3 d6 10. f4 Nc4 11. Bxc4 Qxc4 12. e5 Nd5 13. Nxd5 Qxd5 14. c4 Qe4
15. Qd2 dxe5 16. fxe5 Bb4 17. Qf2 O-O 18. a3 Be7 19. Qg3 Bh4 20. Qf4 Qxf4 21.
Rxf4 Be7 22. Rd1 Rd8 23. Rf2 Bd7 24. Rfd2 Be8 25. Nb3 Ba4 26. Rxd8+ Bxd8 27.
Rd3 Bc7 28. Nc5 Bc6 29. Bf4 g5 30. Bg3 Kg7 31. Kf1 b5 32. b3 a5 33. Ke1 bxc4
34. bxc4 Kg6 35. Kf1 Rb8 36. Rb3 Kf5 37. Rxb8 Bxb8 38. Nb3 Bxe5 39. Nxa5 Be4
40. Bxe5 Kxe5 41. c5 f6 42. g3 Kd5 43. Nb7 Kc6 44. Nd6 Bg6 45. Kf2 Kxc5 46. Nc8
Kd4 47. a4 Bd3 48. Nd6 Bg6 49. h4 gxh4 50. gxh4 e5 51. a5 Bd3 52. Ne8 f5 53.
Nc7 e4 54. a6 e3+ 55. Ke1 f4 56. Ne6+ Ke5 57. Nc5 Bb5 58. a7 f3 59. a8=Q f2+
60. Kd1 f1=Q+ 61. Kc2 Qc4+ 62. Kb2 Qxc5 63. Qh8+ Kd5 64. Qd8+ Kc4 65. Qg8+ Kb4
66. Qb3+ Ka5 67. Qa2+ Ba4 68. Qg8 Qb4+ 0-1

[Event "DEM U18 2003"]
[Site "Willingen GER"]
[Date "2003.06.13"]
[Round "8"]
[White "Kühner, Christian"]
[Black "Schlichthaar, Robert"]
[Result "0-1"]
[Termination "normal"]
[Board "8"]
[WhiteElo "2184"]
[BlackElo "2190"]
[PlyCount "108"]
[WhiteFideId "4679440"]
[BlackFideId "4672763"]
[EventCountry "GER"]
[EventRounds "9"]
[EventType "swiss"]
[EventDate "2003.06.07"]

1. c4 e5 2. Nc3 Nf6 3. g3 Bb4 4. Bg2 O-O 5. Nf3 Re8 6. O-O c6 7. d3 Bxc3 8.
bxc3 h6 9. c5 b6 10. Be3 bxc5 11. Bxc5 Qc7 12. Nd2 d6 13. Ba3 Be6 14. Qa4 Nd5
15. Ne4 Rd8 16. c4 Nb6 17. Qc2 c5 18. Bb2 Nc6 19. f4 f6 20. fxe5 fxe5 21. Bc3
Rf8 22. Rfb1 Rad8 23. Rb2 Nd4 24. Bxd4 exd4 25. a4 Bc8 26. Rab1 Nd7 27. Nd2 Nf6
28. Bb7 Qe7 29. Bxc8 Rxc8 30. Nf3 Qe3+ 31. Kg2 Ng4 32. Qd2 Qf2+ 33. Kh1 Ne3 34.
Rg1 Rxf3 35. exf3 Qxf3+ 36. Rg2 Rf8 37. Qe2 Nxg2 38. Qxf3 Rxf3 39. Kxg2 Rxd3
40. Rb7 Rc3 41. Rxa7 Rxc4 42. Kf3 Rc2 43. Rd7 Ra2 44. Rxd6 Rxa4 45. Rd5 Ra3+
46. Kg4 Rc3 47. Kf5 Kh7 48. g4 d3 49. h4 c4 50. g5 hxg5 51. hxg5 Rc2 52. g6+
Kh6 53. Rd4 Rf2+ 54. Ke4 Rh2 0-1

[Event "DEM U18 2003"]
[Site "Willingen GER"]
[Date "2003.06.13"]
[Round "8"]
[White "Hort, Alexej"]
[Black "Kosak, Michael"]
[Result "1-0"]
[Termination "normal"]
[Board "9"]
[WhiteElo "2015"]
[BlackElo "1959"]
[PlyCount "67"]
[WhiteFideId "4678125"]
[EventCountry "GER"]
[EventRounds "9"]
[EventType "swiss"]
[EventDate "2003.06.07"]

1. d4 Nf6 2. c4 c5 3. d5 e6 4. Nc3 exd5 5. cxd5 d6 6. e4 g6 7. Bd3 Bg7 8. Nge2
O-O 9. O-O Na6 10. f3 Nc7 11. Be3 Rb8 12. a3 Re8 13. Qd2 a6 14. Kh1 Qe7 15. Bg5
Qf8 16. f4 b6 17. Bc2 Bb7 18. Rae1 Nd7 19. Ng3 Nb5 20. e5 Nd4 21. e6 fxe6 22.
dxe6 Nxc2 23. Qxc2 Nf6 24. f5 h6 25. Bxf6 Qxf6 26. fxg6 Qg5 27. Rf7 Be5 28.
Nce4 Bxe4 29. Nxe4 Qh4 30. g3 Qh3 31. Nf6+ Bxf6 32. Rxf6 Rb7 33. e7 d5 34. Qf2
1-0

[Event "DEM U18 2003"]
[Site "Willingen GER"]
[Date "2003.06.13"]
[Round "8"]
[White "Walter, Stefan"]
[Black "Grieger, Thomas"]
[Result "1-0"]
[Termination "normal"]
[Board "10"]
[WhiteElo "2100"]
[BlackElo "2044"]
[PlyCount "61"]
[WhiteFideId "4686608"]
[BlackFideId "4686616"]
[EventCountry "GER"]
[EventRounds "9"]
[EventType "swiss"]
[EventDate "2003.06.07"]

1. d4 Nf6 2. c4 g6 3. Nc3 Bg7 4. e4 d6 5. f3 O-O 6. Be3 e5 7. d5 c6 8. Bd3 cxd5
9. cxd5 a6 10. Qd2 b5 11. b4 Nbd7 12. Nge2 Nh5 13. O-O f5 14. a4 bxa4 15. exf5
gxf5 16. Rxa4 Nb6 17. Ra5 Nf6 18. Qa2 f4 19. Bf2 Qc7 20. b5 Nfd7 21. Rc1 Nc5
22. Ne4 Bb7 23. Nxc5 dxc5 24. Rxc5 Qf7 25. bxa6 Bc8 26. Rcb5 Nd7 27. a7 Nf6 28.
Nc3 Rd8 29. Rb8 Bb7 30. Rxd8+ Rxd8 31. a8=Q 1-0

[Event "DEM U18 2003"]
[Site "Willingen GER"]
[Date "2003.06.13"]
[Round "8"]
[White "Lubbe, Nikolas"]
[Black "Opitz, Alexander"]
[Result "1/2-1/2"]
[Termination "normal"]
[Board "11"]
[WhiteElo "2127"]
[BlackElo "2057"]
[PlyCount "108"]
[WhiteFideId "4694031"]
[EventCountry "GER"]
[EventRounds "9"]
[EventType "swiss"]
[EventDate "2003.06.07"]

1. d4 d5 2. c4 c6 3. Nc3 Nf6 4. e3 e6 5. Nf3 Nbd7 6. Bd3 dxc4 7. Bxc4 b5 8. Bd3
Bb7 9. e4 b4 10. Na4 c5 11. e5 Nd5 12. dxc5 Nxc5 13. Nxc5 Bxc5 14. O-O h6 15.
Qa4+ Ke7 16. Bd2 Qb6 17. Rfc1 Rhc8 18. Bc4 a5 19. Qc2 Qa7 20. Qe4 Nb6 21. Qh4+
Kf8 22. Bb5 Ba6 23. Bxa6 Qxa6 24. Qe4 Kg8 25. Qg4 Kh8 26. Re1 Bf8 27. Qh5 Kg8
28. Re4 Rc4 29. Nd4 Rd8 30. Be3 Qb7 31. Rg4 Nd5 32. Qxh6 Nxe3 33. fxe3 Qd5 34.
Qh5 g6 35. Qg5 Rc7 36. Rf4 Bg7 37. Nf3 Rdd7 38. h4 Qc5 39. Rd4 Qe7 40. Qg3 Bh6
41. Ng5 Qc5 42. Rxd7 Rxd7 43. Rf1 Bg7 44. Nf3 Qxe3+ 45. Qf2 Qxf2+ 46. Rxf2 Rd1+
47. Kh2 a4 48. Re2 Ra1 49. b3 axb3 50. axb3 Rb1 51. Re3 Bh6 52. Rd3 Rb2 53. Kh3
Rc2 54. Kg3 Rc3 1/2-1/2

[Event "DEM U18 2003"]
[Site "Willingen GER"]
[Date "2003.06.13"]
[Round "8"]
[White "Rehfeldt, Frank"]
[Black "Nazarenus, Moritz"]
[Result "0-1"]
[Termination "normal"]
[Board "12"]
[WhiteElo "1922"]
[BlackElo "2117"]
[PlyCount "70"]
[BlackFideId "4670540"]
[EventCountry "GER"]
[EventRounds "9"]
[EventType "swiss"]
[EventDate "2003.06.07"]

1. e4 c6 2. d4 d5 3. Nd2 dxe4 4. Nxe4 Bf5 5. Ng3 Bg6 6. h4 h6 7. Nf3 Nd7 8. h5
Bh7 9. Bd3 Bxd3 10. Qxd3 Ngf6 11. Bd2 e6 12. O-O-O Qc7 13. Ne4 O-O-O 14. g3 Nc5
15. Nxc5 Bxc5 16. c4 Bd6 17. Bc3 Rhe8 18. Kb1 Kb8 19. Qe2 Ka8 20. Ne5 Rb8 21.
f4 b5 22. Rc1 Qb7 23. Qf3 Rec8 24. Rh2 Bf8 25. Be1 bxc4 26. Rxc4 Nd5 27. Rhc2
c5 28. dxc5 Rxc5 29. Rxc5 Bxc5 30. Qe2 Bb6 31. Bf2 Nb4 32. Rc4 Bxf2 33. Qxf2 f6
34. Rxb4 Qxb4 35. Nc6 Qe4+ 0-1

[Event "DEM U18 2003"]
[Site "Willingen GER"]
[Date "2003.06.13"]
[Round "8"]
[White "Pinchuk, Boris"]
[Black "Schnock, Stefan"]
[Result "1/2-1/2"]
[Termination "normal"]
[Board "13"]
[WhiteElo "1961"]
[BlackElo "2037"]
[PlyCount "111"]
[BlackFideId "4696646"]
[EventCountry "GER"]
[EventRounds "9"]
[EventType "swiss"]
[EventDate "2003.06.07"]

1. e4 c5 2. c3 d5 3. exd5 Qxd5 4. d4 Nf6 5. Nf3 Bg4 6. Be2 e6 7. O-O Nc6 8. Be3
cxd4 9. cxd4 Be7 10. Nc3 Qd6 11. Rc1 O-O 12. Qd2 Rfd8 13. Rfd1 Nd5 14. Ne4 Qb4
15. Qc2 Rac8 16. Qb1 Qb6 17. Ng3 e5 18. Ng5 g6 19. Bxg4 Nxe3 20. Bxc8 Nxd1 21.
Rxd1 Bxg5 22. Bg4 Nxd4 23. Ne2 f5 24. Nxd4 Rxd4 25. Rxd4 Qxd4 26. Be2 Qd2 27.
Qd1 Qxb2 28. Bc4+ Kg7 29. g3 Qc1 30. Qxc1 Bxc1 31. Kf1 Kf6 32. Ke2 g5 33. h3 e4
34. g4 b6 35. f3 e3 36. gxf5 h6 37. Be6 b5 38. Kd1 Bd2 39. Bd7 b4 40. Ke2 a5
41. Kd3 Ke5 42. Ke2 Bc1 43. Kd3 h5 44. Ke2 Bd2 45. Kd3 Kf4 46. f6 b3 47. axb3
Kxf3 48. Be8 Kg3 49. Bxh5 Kxh3 50. f7 Bb4 51. Kxe3 g4 52. Kd4 g3 53. Bf3 g2 54.
Bxg2+ Kxg2 55. Kc4 Kf2 56. Kb5 1/2-1/2

[Event "DEM U18 2003"]
[Site "Willingen GER"]
[Date "2003.06.13"]
[Round "8"]
[White "Rezasade, Amir"]
[Black "Suchin, Dimitry"]
[Result "1/2-1/2"]
[Termination "normal"]
[Board "14"]
[WhiteElo "2103"]
[BlackElo "2043"]
[PlyCount "122"]
[WhiteFideId "4692950"]
[BlackFideId "4671015"]
[EventCountry "GER"]
[EventRounds "9"]
[EventType "swiss"]
[EventDate "2003.06.07"]

1. d4 e6 2. c4 Nf6 3. Nf3 b6 4. Nc3 Bb4 5. Bd2 Bb7 6. a3 Bxc3 7. Bxc3 O-O 8. b4
d5 9. c5 c6 10. g3 Ne4 11. Bb2 a5 12. Bg2 Nd7 13. O-O axb4 14. axb4 Rxa1 15.
Qxa1 Qc7 16. Bc1 Ra8 17. Qb2 Qb8 18. Bf4 Qa7 19. Ne5 Nef6 20. Rb1 Nxe5 21. Bxe5
Nd7 22. Bf4 Qa2 23. Qxa2 Rxa2 24. e4 b5 25. exd5 cxd5 26. Bf3 Bc6 27. Bd1 Nf6
28. Bb3 Ra6 29. f3 Kf8 30. Bc1 Nd7 31. Bb2 Ke7 32. Kf2 Ra8 33. Re1 Nb8 34. Ke3
Nd7 35. Kd2 Nb8 36. Kc2 Bb7 37. Kb1 Bc6 38. Bc3 Bb7 39. Kb2 Bc6 40. Bc2 g6 41.
Bd2 f6 42. h4 Kf7 43. h5 Nd7 44. g4 Ra7 45. Bf4 Ra8 46. Bc1 Ra7 47. Bd2 Ra8 48.
Bf4 Ra7 49. hxg6+ hxg6 50. Rh1 Kg7 51. Bh6+ Kf7 52. Bf4 Kg7 53. Rh6 Nf8 54. Rh2
Nd7 55. Bh6+ Kf7 56. Be3 Kg7 57. f4 f5 58. Rg2 Kf7 59. Rh2 Kg7 60. Rg2 Kf7 61.
Rh2 Kg7 1/2-1/2

[Event "DEM U18 2003"]
[Site "Willingen GER"]
[Date "2003.06.14"]
[Round "9"]
[White "Rau, Hannes"]
[Black "Braun, Arik"]
[Result "0-1"]
[Termination "normal"]
[Board "1"]
[WhiteElo "2348"]
[BlackElo "2324"]
[PlyCount "78"]
[WhiteFideId "4657594"]
[BlackFideId "4663527"]
[EventCountry "GER"]
[EventRounds "9"]
[EventType "swiss"]
[EventDate "2003.06.07"]

1. d4 Nf6 2. c4 g6 3. Nc3 d5 4. cxd5 Nxd5 5. e4 Nxc3 6. bxc3 Bg7 7. Bc4 c5 8.
Ne2 O-O 9. O-O Nc6 10. Be3 cxd4 11. cxd4 Bg4 12. f3 Na5 13. Bd3 Be6 14. d5 Bxa1
15. Qxa1 f6 16. Bh6 Re8 17. Kh1 Rc8 18. Nf4 Bd7 19. e5 Nc4 20. e6 Ba4 21. Nxg6
hxg6 22. Bxg6 Ne5 23. Be4 Bc2 24. Bxc2 Rxc2 25. Qd1 Kh7 26. Qxc2+ Kxh6 27. f4
Ng6 28. Qd2 Kg7 29. g4 Qc7 30. g5 f5 31. Qd3 Qd6 32. Rf3 Rc8 33. Qd4+ Kg8 34.
h4 Nxh4 35. Rh3 Rc1+ 36. Kh2 Ng6 37. Rf3 Rc5 38. Kg3 Qxd5 39. Qa4 Qxe6 0-1

[Event "DEM U18 2003"]
[Site "Willingen GER"]
[Date "2003.06.14"]
[Round "9"]
[White "Holzschuh, Stephan"]
[Black "Zaragatski, Ilja"]
[Result "1/2-1/2"]
[Termination "normal"]
[Board "2"]
[WhiteElo "2107"]
[BlackElo "2336"]
[PlyCount "60"]
[WhiteFideId "4677471"]
[BlackFideId "4655192"]
[EventCountry "GER"]
[EventRounds "9"]
[EventType "swiss"]
[EventDate "2003.06.07"]

1. e4 e6 2. d4 d5 3. Nc3 Nf6 4. e5 Nfd7 5. f4 c5 6. Nf3 Nc6 7. Be3 a6 8. Qd2 b5
9. a3 Qb6 10. g3 cxd4 11. Nxd4 Nxd4 12. Bxd4 Bc5 13. Ne2 f6 14. c3 fxe5 15.
fxe5 O-O 16. Bh3 Rf7 17. Nf4 Nf8 18. b4 Bxd4 19. cxd4 a5 20. O-O axb4 21. axb4
Rxa1 22. Rxa1 Rc7 23. Bf1 Bd7 24. Qf2 Rc2 25. Be2 g5 26. Rf1 gxf4 27. Qxf4 Ng6
28. Qf7+ Kh8 29. Qf6+ Kg8 30. Qf7+ Kh8 1/2-1/2

[Event "DEM U18 2003"]
[Site "Willingen GER"]
[Date "2003.06.14"]
[Round "9"]
[White "Gasthofer, Alexander"]
[Black "Bindrich, Falko"]
[Result "1/2-1/2"]
[Termination "normal"]
[Board "3"]
[WhiteElo "2316"]
[BlackElo "2284"]
[PlyCount "25"]
[WhiteFideId "4655150"]
[BlackFideId "4676670"]
[EventCountry "GER"]
[EventRounds "9"]
[EventType "swiss"]
[EventDate "2003.06.07"]

1. Nf3 Nf6 2. g3 g6 3. c4 Bg7 4. Bg2 d6 5. d4 O-O 6. O-O Nc6 7. Nc3 a6 8. Re1
Bd7 9. Rb1 Rb8 10. e4 e5 11. dxe5 dxe5 12. h3 Re8 13. Bg5 1/2-1/2

[Event "DEM U18 2003"]
[Site "Willingen GER"]
[Date "2003.06.14"]
[Round "9"]
[White "Koch, Moritz"]
[Black "Boguslavskyy, Oleg"]
[Result "0-1"]
[Termination "normal"]
[Board "4"]
[WhiteElo "2213"]
[BlackElo "2299"]
[PlyCount "57"]
[WhiteFideId "4678460"]
[BlackFideId "14113929"]
[EventCountry "GER"]
[EventRounds "9"]
[EventType "swiss"]
[EventDate "2003.06.07"]

1. d4 Nf6 2. Nf3 e6 3. e3 b6 4. Bd3 Bb7 5. O-O Be7 6. b3 O-O 7. Bb2 d5 8. c4
Ne4 9. Qe2 Nd7 10. Ne5 Nxe5 11. dxe5 Nc5 12. Bc2 dxc4 13. Rd1 Qe8 14. Qxc4 Qc6
15. f3 Rfd8 16. Na3 Ba6 17. Qc3 Bb7 18. Nc4 a5 19. Rac1 Qe8 20. Rd4 Na6 21. a3
Bc5 22. Rh4 g6 23. f4 Qc6 24. Rg4 Nb4 25. Nxa5 bxa5 26. axb4 axb4 27. Qe1 Ra2
28. Rd1 Rxd1 29. Qxd1 0-1

[Event "DEM U18 2003"]
[Site "Willingen GER"]
[Date "2003.06.14"]
[Round "9"]
[White "Seifert, Volker"]
[Black "Hort, Alexej"]
[Result "1-0"]
[Termination "normal"]
[Board "5"]
[WhiteElo "2319"]
[BlackElo "2015"]
[PlyCount "57"]
[WhiteFideId "4658060"]
[BlackFideId "4678125"]
[EventCountry "GER"]
[EventRounds "9"]
[EventType "swiss"]
[EventDate "2003.06.07"]

1. d4 Nf6 2. c4 c5 3. d5 e6 4. Nc3 exd5 5. cxd5 d6 6. e4 g6 7. Bd3 Bg7 8. h3 a6
9. a4 O-O 10. Nf3 Re8 11. O-O Nbd7 12. Re1 Qc7 13. Bf4 Rb8 14. Bf1 Nh5 15. Bh2
Ne5 16. Nd2 Bh6 17. Bxe5 Rxe5 18. Nc4 Rg5 19. h4 Rg4 20. g3 Qe7 21. Be2 Rxh4
22. gxh4 Nf4 23. Bg4 Qxh4 24. Bxc8 Rxc8 25. Qf3 Nh3+ 26. Kg2 Nf4+ 27. Kf1 g5
28. Ne3 f5 29. Nxf5 1-0

[Event "DEM U18 2003"]
[Site "Willingen GER"]
[Date "2003.06.14"]
[Round "9"]
[White "Schlichthaar, Robert"]
[Black "Jovalekic, Oliver"]
[Result "1/2-1/2"]
[Termination "normal"]
[Board "6"]
[WhiteElo "2190"]
[BlackElo "2152"]
[PlyCount "57"]
[WhiteFideId "4672763"]
[BlackFideId "4682530"]
[EventCountry "GER"]
[EventRounds "9"]
[EventType "swiss"]
[EventDate "2003.06.07"]

1. e4 c5 2. Nf3 Nc6 3. Bb5 e6 4. O-O Nge7 5. c3 a6 6. Ba4 b5 7. Bc2 Bb7 8. Re1
d6 9. d4 e5 10. a4 Qc7 11. axb5 axb5 12. Rxa8+ Bxa8 13. dxc5 dxc5 14. Na3 Na7
15. Qe2 Bc6 16. Be3 Nec8 17. Nh4 g6 18. Nf3 Nb6 19. Rd1 Nd7 20. c4 b4 21. Nb5
Qb8 22. Ba4 Be7 23. Bh6 f6 24. Qd3 Kf7 25. Nxa7 Bxa4 26. Qd5+ Ke8 27. Nc6 Qc7
28. Nxe7 Kxe7 29. Rd2 1/2-1/2

[Event "DEM U18 2003"]
[Site "Willingen GER"]
[Date "2003.06.14"]
[Round "9"]
[White "Meinhardt, Maximilian"]
[Black "Walter, Stefan"]
[Result "1/2-1/2"]
[Termination "normal"]
[Board "7"]
[WhiteElo "2225"]
[BlackElo "2100"]
[PlyCount "60"]
[WhiteFideId "4668766"]
[BlackFideId "4686608"]
[EventCountry "GER"]
[EventRounds "9"]
[EventType "swiss"]
[EventDate "2003.06.07"]

1. e4 g6 2. d4 Bg7 3. Nc3 c6 4. Nf3 d5 5. h3 dxe4 6. Nxe4 Nd7 7. Bc4 Ngf6 8.
Ng3 O-O 9. O-O b6 10. Qe2 Bb7 11. Re1 e6 12. Ba6 Bxa6 13. Qxa6 Qc7 14. Qe2 c5
15. c3 Rac8 16. Be3 Qb7 17. Rad1 c4 18. Qd2 Rfe8 19. Bh6 b5 20. Ne5 Nb6 21. f3
Qc7 22. Kf2 Rcd8 23. Qg5 Nbd5 24. a3 a5 25. Rc1 Qb6 26. h4 Rc8 27. h5 b4 28.
Rh1 bxc3 29. bxc3 Nxc3 30. Rxc3 Qxd4+ 1/2-1/2

[Event "DEM U18 2003"]
[Site "Willingen GER"]
[Date "2003.06.14"]
[Round "9"]
[White "Schaffer, Hendrik"]
[Black "Kühner, Christian"]
[Result "1/2-1/2"]
[Termination "normal"]
[Board "8"]
[WhiteElo "2191"]
[BlackElo "2184"]
[PlyCount "66"]
[WhiteFideId "4663080"]
[BlackFideId "4679440"]
[EventCountry "GER"]
[EventRounds "9"]
[EventType "swiss"]
[EventDate "2003.06.07"]

1. d4 Nf6 2. c4 e6 3. Nc3 Bb4 4. e3 b6 5. Bd3 Bb7 6. Nf3 O-O 7. Qc2 c5 8. a3
Bxc3+ 9. bxc3 d6 10. e4 Nbd7 11. Bf4 Qc7 12. e5 dxe5 13. Nxe5 Nxe5 14. Bxe5 Qe7
15. O-O h6 16. a4 Nd7 17. Bg3 a5 18. Be4 Bxe4 19. Qxe4 cxd4 20. cxd4 Nf6 21.
Qc6 Rfc8 22. Qb5 Qb4 23. Rfc1 Qxb5 24. axb5 Ne4 25. Bf4 g5 26. f3 gxf4 27. fxe4
e5 28. c5 exd4 29. c6 Re8 30. Ra4 Rxe4 31. Kf2 Kf8 32. Kf3 f5 33. Rd1 Rd8
1/2-1/2

[Event "DEM U18 2003"]
[Site "Willingen GER"]
[Date "2003.06.14"]
[Round "9"]
[White "Fiebig, Thomas"]
[Black "Opitz, Alexander"]
[Result "1-0"]
[Termination "normal"]
[Board "9"]
[WhiteElo "2255"]
[BlackElo "2057"]
[PlyCount "53"]
[WhiteFideId "4693922"]
[EventCountry "GER"]
[EventRounds "9"]
[EventType "swiss"]
[EventDate "2003.06.07"]

1. e4 c5 2. c3 d5 3. exd5 Qxd5 4. d4 Nf6 5. Nf3 Bg4 6. Nbd2 Nc6 7. Bc4 Bxf3 8.
Qb3 Na5 9. Qb5+ Qd7 10. Nxf3 Nxc4 11. Qxc4 cxd4 12. Nxd4 e6 13. Bg5 Be7 14.
O-O-O Nd5 15. Bxe7 Qxe7 16. Qb5+ Qd7 17. c4 Rc8 18. Kb1 Nb6 19. b3 O-O 20. Qxd7
Nxd7 21. Nb5 Nf6 22. Nxa7 Rc5 23. f3 e5 24. Rhe1 g5 25. Nb5 g4 26. Rd6 Kg7 27.
Nc3 1-0

[Event "DEM U18 2003"]
[Site "Willingen GER"]
[Date "2003.06.14"]
[Round "9"]
[White "Kosak, Michael"]
[Black "Döhn, Raphael"]
[Result "1-0"]
[Termination "normal"]
[Board "10"]
[WhiteElo "1959"]
[BlackElo "2009"]
[PlyCount "69"]
[BlackFideId "4695291"]
[EventCountry "GER"]
[EventRounds "9"]
[EventType "swiss"]
[EventDate "2003.06.07"]

1. c4 Nf6 2. Nf3 g6 3. g3 Bg7 4. Bg2 O-O 5. O-O d6 6. d4 Nbd7 7. Nc3 e5 8. Qc2
c6 9. Rd1 Qc7 10. h3 exd4 11. Nxd4 Ne5 12. b3 Be6 13. Kh2 d5 14. cxd5 cxd5 15.
Bb2 Rac8 16. Rac1 Rfd8 17. Rd2 a6 18. Nxe6 fxe6 19. Nxd5 Rxd5 20. Qxc7 Rxc7 21.
Bxd5 Nxd5 22. Rxd5 Nc6 23. Rd2 e5 24. Rcd1 Nd4 25. Kg2 Rc5 26. Bxd4 exd4 27.
Rd3 Kf7 28. e3 dxe3 29. Rxe3 Rc7 30. a4 b5 31. Red3 Ke7 32. axb5 axb5 33. b4
Rc4 34. Rd7+ Kf8 35. Rb7 1-0

[Event "DEM U18 2003"]
[Site "Willingen GER"]
[Date "2003.06.14"]
[Round "9"]
[White "Nazarenus, Moritz"]
[Black "Grieger, Thomas"]
[Result "1-0"]
[Termination "normal"]
[Board "11"]
[WhiteElo "2117"]
[BlackElo "2044"]
[PlyCount "97"]
[WhiteFideId "4670540"]
[BlackFideId "4686616"]
[EventCountry "GER"]
[EventRounds "9"]
[EventType "swiss"]
[EventDate "2003.06.07"]

1. d4 Nf6 2. Nf3 g6 3. Bg5 Bg7 4. Nbd2 d6 5. e4 O-O 6. c3 Nc6 7. Be2 h6 8. Bh4
e5 9. dxe5 dxe5 10. O-O Qe8 11. Re1 Be6 12. Qc2 Nh5 13. Bc4 Na5 14. Bxe6 Qxe6
15. Qa4 Nc6 16. Qb3 Rae8 17. Qxe6 Rxe6 18. Nc4 f5 19. exf5 gxf5 20. Nfd2 Rfe8
21. f3 e4 22. fxe4 fxe4 23. g3 e3 24. Nb3 Re4 25. Nba5 Nb8 26. Na3 b5 27. Nc2
Na6 28. a3 c5 29. Nb3 c4 30. Nbd4 Nc5 31. Nxb5 Nd3 32. Re2 Nhf4 33. gxf4 Nxf4
34. Rxe3 Rxe3 35. Nxe3 Rxe3 36. Nxa7 Nd3 37. Nb5 Nxb2 38. a4 Bxc3 39. Nxc3 Rxc3
40. a5 Rb3 41. a6 Rb8 42. a7 Ra8 43. Bf6 Nd3 44. Bd4 c3 45. Bxc3 Nc5 46. Bd4
Ne6 47. Rb1 Kf7 48. Rb8 Nc7 49. Rb7 1-0

[Event "DEM U18 2003"]
[Site "Willingen GER"]
[Date "2003.06.14"]
[Round "9"]
[White "Lubbe, Nikolas"]
[Black "Pinchuk, Boris"]
[Result "1/2-1/2"]
[Termination "normal"]
[Board "12"]
[WhiteElo "2127"]
[BlackElo "1961"]
[PlyCount "43"]
[WhiteFideId "4694031"]
[EventCountry "GER"]
[EventRounds "9"]
[EventType "swiss"]
[EventDate "2003.06.07"]

1. d4 d5 2. Nf3 Nf6 3. e3 c6 4. Bd3 Bg4 5. Nbd2 Nbd7 6. h3 Bh5 7. Be2 e6 8. O-O
Bd6 9. Re1 O-O 10. c4 Re8 11. b3 e5 12. dxe5 Nxe5 13. cxd5 Nxd5 14. Bb2 Bg6 15.
Nxe5 Bxe5 16. Bxe5 Rxe5 17. Nc4 Re7 18. Bh5 Qc7 19. Bxg6 hxg6 20. a3 Rd8 21.
Qc2 Red7 22. Rad1 1/2-1/2

[Event "DEM U18 2003"]
[Site "Willingen GER"]
[Date "2003.06.14"]
[Round "9"]
[White "Suchin, Dimitry"]
[Black "Rehfeldt, Frank"]
[Result "1/2-1/2"]
[Termination "normal"]
[Board "13"]
[WhiteElo "2043"]
[BlackElo "1922"]
[PlyCount "72"]
[WhiteFideId "4671015"]
[EventCountry "GER"]
[EventRounds "9"]
[EventType "swiss"]
[EventDate "2003.06.07"]

1. d4 d5 2. c4 c6 3. e3 Nf6 4. Nc3 a6 5. Qc2 b5 6. b3 Bg4 7. Nge2 e6 8. Ng3 Bh5
9. Nxh5 Nxh5 10. Be2 Nf6 11. O-O Be7 12. Rd1 O-O 13. Bf3 Qc7 14. e4 b4 15. Ne2
dxe4 16. Bxe4 Nxe4 17. Qxe4 Nd7 18. Bf4 Bd6 19. Rd3 Nf6 20. Bxd6 Qxd6 21. Qe5
Rfd8 22. Rad1 Rd7 23. Qa5 Rb7 24. Ng3 Qc7 25. Qg5 Rd8 26. Nh5 Nxh5 27. Qxh5 Qe7
28. Qa5 Qc7 29. Qc5 Qd6 30. Qg5 Qe7 31. Qa5 Qc7 32. Qe5 Qd6 33. Qe4 Rbd7 34.
Rh3 h6 35. f4 c5 36. d5 exd5 1/2-1/2